000 00651cam a2200241Ia 4500
008
020 _a0471164100 (pbk. )
049 _aMAIN
050 0 4 _aQC23.2.C87 COM
100 _aComella, Mark J.
245 4 _aCutnet & Johnson's physics /
_bMark J.Comella.
260 _aNew York :
_bJohn Willy &Sons,Inc,
_c1998.
300 _a291 p. :
_c28 cm.
500 _aIncludes index.
650 0 _aComputer graphics.
700 1 _aCutnell,John D.
700 _aJohnson Kenneth, W
907 _a.b10241826
_b20-09-07
_c02-05-07
003
005 20230123134436.0
040 _cNUST
942 _cBOOKS
999 _c165990
_d165990